000
00276nam a2200109Ia 4500
008
240624s9999 xx 000 0 und d
041
_a
eng
082
_a
658.4063 GOP
100
_a
GOPALKRISHNAN R
245
_a
BIOGRAPHY OF INNOVATIONS
260
_a
Newzealand
_b
Penguin Portfolio
999
_c
30439
_d
30439